Southville International School and Colleges
Your cart is empty.
  • Cart
  • Lists
    Public lists Eva Luna New books Lux_list list_1
    Your lists Log in to create your own lists
  • Log in to your account
  • Your cookies
  • Search history
Southville International School and Colleges
  • Advanced search
  • Recent comments
  • Most popular
  • Libraries

Log in to your account

Log in with GOOGLE


If you do not have an external account, but do have a local account, you can still log in:

  1. Home
  2. MARC view: Psychiatric nursing /
Normal view MARC view ISBD view

Psychiatric nursing / (Record no. 283882)

[ view plain ]
MARC details
000 -LEADER
fixed length control field 00710nam a2200241 a 4500
003 - CONTROL NUMBER IDENTIFIER
control field PILC
005 - DATE AND TIME OF LATEST TRANSACTION
control field 20150507114629.0
008 - FIXED-LENGTH DATA ELEMENTS--GENERAL INFORMATION
fixed length control field 070212s19uu xx 00 eng d
020 ## - INTERNATIONAL STANDARD BOOK NUMBER
International Standard Book Number 9789812599056
020 ## - INTERNATIONAL STANDARD BOOK NUMBER
International Standard Book Number 9812599053
050 ## - LIBRARY OF CONGRESS CALL NUMBER
Classification number RC 440
Item number .K299 2007
100 ## - MAIN ENTRY--PERSONAL NAME
Personal name Keltner, Norman L.
245 ## - TITLE STATEMENT
Title Psychiatric nursing /
Statement of responsibility, etc Norman L. Keltner, Lee Hilyard Schwecke, and Carol E. Bostrom.
250 ## - EDITION STATEMENT
Edition statement 5th ed.
260 ## - PUBLICATION, DISTRIBUTION, ETC. (IMPRINT)
Place of publication, distribution, etc U.S.A :
Name of publisher, distributor, etc Mosby Elseviere,
Date of publication, distribution, etc 2007.
300 ## - PHYSICAL DESCRIPTION
Extent 719 pages :
Other physical details illsutrations ;
Dimensions 25 cm.
650 ## - SUBJECT ADDED ENTRY--TOPICAL TERM
Topical term or geographic name as entry element Psychiatric Nursing.
650 ## - SUBJECT ADDED ENTRY--TOPICAL TERM
Topical term or geographic name as entry element Mental disorders
General subdivision Nursing.
700 ## - ADDED ENTRY--PERSONAL NAME
Personal name Schwecke, Lee Hilyard
700 ## - ADDED ENTRY--PERSONAL NAME
Personal name Bostrom, Carol E.
942 ## - ADDED ENTRY ELEMENTS (KOHA)
Koha item type Books
Source of classification or shelving scheme Library of Congress Classification
Holdings
Withdrawn status Lost status Source of classification or shelving scheme Damaged status Home library Current library Shelving location Date acquired Source of acquisition Sub Shelving location Total Checkouts Full call number Barcode Date last seen Price effective from Koha item type
    Library of Congress Classification   Southville International School Affiliated with Foreign Universities Library Southville International School Affiliated with Foreign Universities Library Southville Foreign University Section 05/07/2015 Library Fund     RC 440 .K299 2007 SFU1911 05/15/2018 05/07/2015 Books

Psychiatric nursing /

APA

Keltner N. L., Schwecke L. H. & Bostrom C. E. (2007). Psychiatric nursing. U.S.A: Mosby Elseviere.

Chicago

Keltner Norman L, Schwecke Lee Hilyard and Bostrom Carol E. 2007. Psychiatric nursing. U.S.A: Mosby Elseviere.

Harvard

Keltner N. L., Schwecke L. H. and Bostrom C. E. (2007). Psychiatric nursing. U.S.A: Mosby Elseviere.

MLA

Keltner Norman L, Schwecke Lee Hilyard and Bostrom Carol E. Psychiatric nursing. U.S.A: Mosby Elseviere. 2007.

  • Place hold
  • Print
  • Cite
  • Add to your cart (remove)
  • Save record
    BIBTEX Dublin Core MARCXML MARC (non-Unicode/MARC-8) MARC (Unicode/UTF-8) MARC (Unicode/UTF-8, Standard) MODS (XML) RIS
  • More searches
    Search for this title in:
    Other Libraries (WorldCat) Other Databases (Google Scholar) Online Stores (Bookfinder.com) Open Library (openlibrary.org)

Exporting to Dublin Core...

SOUTHVILLE LIBRARY

Southville International School and Colleges Library

1281 Tropical Ave. Cor. Luxembourg St., BF Homes International, Las Pinas City

Tel. No. 8256374 / 252358 Loc. 117/146

Powered by Koha